书目信息 |
| 题名: |
物权担保前沿理论与实务探讨
|
|
| 作者: | 徐海燕 , 李莉 著 | |
| 分册: | ||
| 出版信息: | 北京 中国法制出版社 2012 |
|
| 页数: | 413页 | |
| 开本: | 21cm | |
| 丛书名: | ||
| 单 册: | ||
| 中图分类: | D923.24 | |
| 科图分类: | ||
| 主题词: | 物权法--研究--中国 , 担保法--研究--中国 , 物权法 , 担保法 | |
| 电子资源: | ||
| ISBN: | 978-7-5093-3849-0 | |
| 000 | 01104nam0 2200289 450 | |
| 001 | 519 | |
| 005 | 20140908084938.68 | |
| 010 | @a978-7-5093-3849-0@dCNY39.00 | |
| 100 | @a20121030d2012 em y0chiy50 ea | |
| 101 | 0 | @achi |
| 102 | @aCN@b110000 | |
| 105 | @ay z 001yy | |
| 106 | @ar | |
| 200 | 1 | @a物权担保前沿理论与实务探讨@AWu Quan Dan Bao Qian Yan Li Lun Yu Shi Wu Tan Tao@f徐海燕,李莉著@FXu Hai Yan, Li Li Zhu |
| 210 | @a北京@c中国法制出版社@d2012 | |
| 215 | @a413页@d21cm | |
| 300 | @a商业&法律 | |
| 330 | @a本书以澄清担保物权基本法律概念为起点,回顾了担保物权制度的形成和发展,研究了担保物权的基本理论、基本制度及其在实践中面临的前沿法律问题。书中主要采取先宏观后微观的布局结构,在鸟瞰担保物权基本理论的基础上,渐次铺开不动产担保物权、动产担保物权和非典型担保物权的具体法律制度。 | |
| 606 | 0 | @a物权法@x研究@y中国 |
| 606 | 0 | @a担保法@x研究@y中国 |
| 606 | 0 | @a物权法 |
| 606 | 0 | @a担保法 |
| 690 | @aD923.24@v5 | |
| 701 | 0 | @a徐海燕@AXu Hai Yan@g(女,@f1970~)@4著 |
| 701 | 0 | @a李莉@ALi Li@g(法学)@4著 |
| 801 | 0 | @aCN@bTANGWEI@c20140603 |
| 905 | @b0838969-71@dD923.24@e1190@f3 | |
| 物权担保前沿理论与实务探讨/徐海燕,李莉著.-北京:中国法制出版社,2012 |
| 413页;21cm |
| 商业&法律 |
| ISBN 978-7-5093-3849-0:CNY39.00 |
| 本书以澄清担保物权基本法律概念为起点,回顾了担保物权制度的形成和发展,研究了担保物权的基本理论、基本制度及其在实践中面临的前沿法律问题。书中主要采取先宏观后微观的布局结构,在鸟瞰担保物权基本理论的基础上,渐次铺开不动产担保物权、动产担保物权和非典型担保物权的具体法律制度。 |
| ● |
| 相关链接 |
|
|
|
|
正题名:物权担保前沿理论与实务探讨
索取号:D923.24/1190
 
预约/预借
| 序号 | 登录号 | 条形码 | 馆藏地/架位号 | 状态 | 备注 |
| 1 | 0838969 | 208389698 | 第一样本阅览室/ [索取号:D923.24/1190] | 在馆 | |
| 2 | 0838970 | 208389705 | 密集书库-史法系/ [索取号:D923.24/1190] | 在馆 | |
| 3 | 0838971 | 208389714 | 第一借阅区/ [索取号:D923.24/1190] | 在馆 |